000 01005nam a2200325Ia 4500
003 OSt
005 20260311154616.0
008 260311b |||||||| |||| 00| 0 eng d
020 _a9789348002150
037 _aTextbook
040 _aLCT
_beng
_cLCT
041 _aeng
_2eng
084 _aZ2,7,11 R5
_qLCT
100 _aTondon, M. P.
_91131692
245 0 _aTandon's Code Of Civil Procedure 1908/
_cby M. P. Tondon; revised by S K Raghuvanshi
250 _a31st ed.
260 _aFaridabad, India:
_bAllahabad Law Agency,
_c2025
300 _alxviii, 888p.
365 _aINR
_b965.00
650 _aLaw
_9784798
650 _aCode of Civil Procedure
_9784799
650 _aCommercial Courts Act
_9784800
650 _aCivil procedure India
_9784801
650 _aCriminal law
_9784802
650 _a Criminal law India
_9784803
650 _aLaw Commentaries
_9784804
700 _aRaghuvanshi, S K
_91116175
942 _cTB
_hZ2,7,11 R5
_2CC
_n0
999 _c1715136
_d1715136